LDR 00732naa#a2200181#i#450# 001 EN\\bibl\115916 005 20260430131344.4 011 ## _a1994-4683 100 ## _a20260429b2026####ek#y0engy0150####ca 102 ## _aRU 200 1# _aForecasting hockey players’ careers using artificial intelligence methods as an element of a sports club’s personnel management system _eJournal article 210 1# _aMoscow _cNational State University of Physical Education, Sports and Health named after P.F. Lesgaft _d2026 215 ## _a5 с. 608 ## _aJournal article _2local 675 ## _aХоккей на льду с шайбой. 796.966 _z 700 #1 _aMihaylova _gElena Yanverovna 700 #1 _aSaakyan _gArtur Ovsepovich 856 4# _auchzapiski.lesgaft.spb.ru _u